000 00514nam a2200181Ia 4500
003 GCL
008 140319s9999 xx 000 0 ara d
040 _aGCL /
_cGCL
082 0 4 _a811.9
_bا ا
100 1 _aاحمد شاهين
245 1 0 _aاعترافات جيل الصبار /
_cاحمد شاهين
260 _a[S.N] :
_bالمجلس الاعلى للثقافة ،
_c1993
300 _a81 ص
490 _a
650 0 4 _aالشعر العربى
650 0 4 _aالعصر الحديث
942 _2ddc
_cBK
999 _c36688
_d36688